00290nam a2200121Ia 4500008004100000100003800041245002000079260002500099300000800124650001200132942000700144999001700151190216s9999||||xx |||||||||||||| ||und|| aRobert Eisberg And Robert Resnick 0aQuantum Physics bWiley Studentsc2009 a713 aPhysics cBK c34387d34387